| 000 | 00380nam a22001337a 4500 | ||
|---|---|---|---|
| 005 | 20260218094656.0 | ||
| 008 | 260218b |||||||| |||| 00| 0 eng d | ||
| 100 | _aRomer Sherwood Alfred | ||
| 245 |
_aThe Vertebrate Body _c/Alfred Sherwood Romer |
||
| 250 | _a2nd ed | ||
| 260 |
_aPhiladelphia; _bW. B. Saunders Company; _c1955 |
||
| 300 |
_aviii, 644p. ill _c24cm |
||
| 942 |
_2ddc _cBK _n0 |
||
| 999 |
_c163 _d163 |
||